Factura electrónica. / (Record no. 2623)

MARC details
000 -LEADER
fixed length control field 00604nam a22001577a 4500
008 - FIXED-LENGTH DATA ELEMENTS--GENERAL INFORMATION
fixed length control field 150311b xxu||||| |||| 00| 0 spa d
020 ## - INTERNATIONAL STANDARD BOOK NUMBER
International Standard Book Number 978-987-01-1412-3
082 14 - DEWEY DECIMAL CLASSIFICATION NUMBER
Edition number 14
Classification number 336.2
100 1# - MAIN ENTRY--PERSONAL NAME
9 (RLIN) 2799
Personal name D'Agostino, Hernán Miguel
245 10 - TITLE STATEMENT
Title Factura electrónica. /
Statement of responsibility, etc Henán Miguel D'Agostino.
250 ## - EDITION STATEMENT
Edition statement 2a.ed.
260 ## - PUBLICATION, DISTRIBUTION, ETC. (IMPRINT)
Place of publication, distribution, etc Buenos Aires :
Name of publisher, distributor, etc Errepar,
Date of publication, distribution, etc 2012.
300 ## - PHYSICAL DESCRIPTION
Extent 192 p.
500 ## - GENERAL NOTE
General note Régimen general y regímenes especiales. Aspectos prácticos de la emisión de comprobantes. Consultas frecuentes y casos controvertidos. Facturas electrónica para monotributistas.
942 ## - ADDED ENTRY ELEMENTS (KOHA)
Source of classification or shelving scheme Dewey Decimal Classification
Item type Libro, folleto, traducción
980 ## - EQUIVALENCE OR CROSS-REFERENCE-SERIES STATEMENT--PERSONAL NAME/TITLE [LOCAL, CANADA]
Field link and sequence number 1943
Miscellaneous information VALERIA BEATRIZ DOMÍNGUEZ
Holdings
Withdrawn status Lost status Source of classification or shelving scheme Damaged status Not for loan Home library Current library Date acquired Source of acquisition Total Checkouts Full call number Barcode Date last seen Price effective from Koha item type
    Dewey Decimal Classification     Biblioteca Central Biblioteca Central 11/03/2015 Donación   336.2 DAG UNAJ15030236 17/03/2025 11/03/2015 Libro, folleto, traducción

Lunes a Viernes 8:30 a 19:00 hs. Cerrado por mudanza
Av.Calchaqui 6200 Florencio Varela (CP188) 2°piso Edificio Mosconi Aula 209-210
Mail: bibliotecacentralunaj@gmail.com  
Whatsapp(54 9)1122668024    ❔Pregunte a la bibliotecaria
© Universidad Nacional Arturo Jauretche | Secretaría Académica | Biblioteca Central UNAJ